[Event "8. Ciudad los Ángeles 2014"]
[Site "Madrid ESP"]
[Date "2014.03.30"]
[Round "2.6"]
[White "Rodriguez Dorado, Victor"]
[Black "Perez Bruni, Alfredo"]
[Result "1-0"]
[WhiteElo "1989"]
[BlackElo "1721"]
[PlyCount "85"]
[EventDate "2014.03.23"]
[EventType "swiss"]
[EventRounds "9"]
[EventCountry "ESP"]
[Source "lmi"]
[SourceDate "2014.03.23"]

1. e4 e6 2. d4 d5 3. exd5 exd5 4. Bd3 Nc6 5. Ne2 Nf6 6. O-O Bd6 7. c3 O-O 8.
Bf4 Re8 9. Bxd6 Qxd6 10. Ng3 Ne7 11. Na3 c6 12. Nc2 Bg4 13. f3 Be6 14. Re1 Qd7
15. Ne3 h6 16. Qc2 Kh8 17. Rad1 Rg8 18. Rd2 Nc8 19. f4 Qc7 20. f5 Bd7 21. Rde2
Nd6 22. Nef1 Rae8 23. Nd2 Rxe2 24. Rxe2 Re8 25. Nf3 Kg8 26. Ne5 Bc8 27. Qd2 Kf8
28. Qf4 Re7 29. b3 b5 30. b4 Nc4 31. Bxc4 bxc4 32. Qh4 Bd7 33. Nh5 Ne4 34. Rxe4
dxe4 35. f6 Rxe5 36. fxg7+ Kg8 37. dxe5 Qxe5 38. Qd8+ Be8 39. Nf6+ Kxg7 40.
Nxe8+ Kg6 41. Qd6+ f6 42. Qxe5 fxe5 43. Kf2 1-0

[Event "8. Ciudad los Ángeles 2014"]
[Site "Madrid ESP"]
[Date "2014.03.30"]
[Round "2.7"]
[White "Canseco Arenas, Alfonso"]
[Black "Lopez Ziegler, Carlos"]
[Result "1-0"]
[WhiteElo "1737"]
[BlackElo "1944"]
[PlyCount "93"]
[EventDate "2014.03.23"]
[EventType "swiss"]
[EventRounds "9"]
[EventCountry "ESP"]
[Source "lmi"]
[SourceDate "2014.03.23"]

1. a3 c6 2. c4 d5 3. cxd5 cxd5 4. d4 Nc6 5. Nc3 e6 6. Nf3 Nf6 7. Bg5 Be7 8. e3
h6 9. Bh4 Bd7 10. Bd3 Rc8 11. O-O O-O 12. h3 a6 13. Qe2 Be8 14. Rfc1 Na5 15.
Nd2 b5 16. b4 Nc4 17. Bxc4 dxc4 18. Bxf6 Bxf6 19. Nde4 Bc6 20. Nc5 Qb6 21. Qg4
Rfd8 22. N3e4 Be7 23. Nxe6 fxe6 24. Qxe6+ Kf8 25. d5 Qb7 26. dxc6 Qxc6 27. Qxc6
Rxc6 28. Kf1 a5 29. bxa5 Ra8 30. a4 b4 31. Nd2 c3 32. Nb3 Bd8 33. Ke2 Bxa5 34.
Kd3 Rd8+ 35. Kc2 Bc7 36. Nd4 Rf6 37. Kb3 Ba5 38. f4 Re8 39. Re1 g5 40. f5 Re4
41. g4 Ke7 42. Rad1 Rd6 43. Nc2 Rxd1 44. Rxd1 Bb6 45. Nxb4 Bxe3 46. Re1 Re5 47.
Nc6+ 1-0

[Event "8. Ciudad los Ángeles 2014"]
[Site "Madrid ESP"]
[Date "2014.03.30"]
[Round "2.8"]
[White "Tirado Parra, Alberto"]
[Black "Benitez Cadenas, Luis Miguel"]
[Result "1-0"]
[WhiteElo "1939"]
[BlackElo "1695"]
[PlyCount "51"]
[EventDate "2014.03.23"]
[EventType "swiss"]
[EventRounds "9"]
[EventCountry "ESP"]
[Source "lmi"]
[SourceDate "2014.03.23"]

1. Nf3 Nf6 2. g3 d5 3. c4 c6 4. Bg2 dxc4 5. Qc2 b5 6. a4 Bb7 7. b3 cxb3 8. Qxb3
Qd5 9. Qb2 a6 10. O-O Nbd7 11. Nd4 Qd6 12. axb5 axb5 13. Nxb5 cxb5 14. Bxb7
Rxa1 15. Qxa1 e6 16. d3 Be7 17. Bf4 e5 18. Qa8+ Bd8 19. Be3 O-O 20. Rc1 Nb6 21.
Qa6 Nfd5 22. Bc5 Qh6 23. Rc2 Re8 24. Qxb5 Re6 25. Bxd5 Nxd5 26. Qd7 1-0

[Event "8. Ciudad los Ángeles 2014"]
[Site "Madrid ESP"]
[Date "2014.03.30"]
[Round "2.9"]
[White "Martinez De Navascues, Francisco"]
[Black "Largo Barbero, Benito"]
[Result "1-0"]
[WhiteElo "1672"]
[BlackElo "1938"]
[PlyCount "41"]
[EventDate "2014.03.23"]
[EventType "swiss"]
[EventRounds "9"]
[EventCountry "ESP"]
[Source "lmi"]
[SourceDate "2014.03.23"]

1. b3 d5 2. Bb2 Nc6 3. e3 Bf5 4. Nf3 f6 5. d4 Qd7 6. Bb5 Nh6 7. O-O e6 8. Nbd2
g5 9. Re1 Nf7 10. e4 dxe4 11. Nxe4 Bxe4 12. Rxe4 Qd5 13. Qe2 Nd6 14. Rxe6+ Kf7
15. Re1 Nd8 16. Rxd6 Qxd6 17. Nxg5+ Kg7 18. Qg4 h5 19. Ne6+ Kf7 20. Nxd8+ Rxd8
21. Bc4+ 1-0

[Event "8. Ciudad los Ángeles 2014"]
[Site "Madrid ESP"]
[Date "2014.03.30"]
[Round "2.10"]
[White "Ruiz Sanchez, Roberto"]
[Black "Martin Garcia, Francisco Javie"]
[Result "1-0"]
[WhiteElo "1935"]
[BlackElo "1658"]
[PlyCount "49"]
[EventDate "2014.03.23"]
[EventType "swiss"]
[EventRounds "9"]
[EventCountry "ESP"]
[Source "lmi"]
[SourceDate "2014.03.23"]

1. e4 c5 2. Nf3 d6 3. d4 cxd4 4. Nxd4 Nf6 5. Nc3 a6 6. Be2 e5 7. Nb3 Be7 8. O-O
O-O 9. Kh1 Nc6 10. f4 exf4 11. Bxf4 Be6 12. Qe1 d5 13. Rd1 Bb4 14. Bg5 Be7 15.
Bxf6 Bxf6 16. exd5 Bxc3 17. Qxc3 Bxd5 18. Bc4 Ne7 19. Bxd5 Nxd5 20. Qf3 Rc8 21.
Rxd5 Qb6 22. Nd4 Rce8 23. Rd7 Qxb2 24. Rxf7 Qb4 25. Ne6 1-0

[Event "8. Ciudad los Ángeles 2014"]
[Site "Madrid ESP"]
[Date "2014.03.30"]
[Round "2.11"]
[White "Head Ladeveze, Jorge"]
[Black "Marcos Herrero, Francisco"]
[Result "0-1"]
[WhiteElo "1655"]
[BlackElo "1930"]
[PlyCount "44"]
[EventDate "2014.03.23"]
[EventType "swiss"]
[EventRounds "9"]
[EventCountry "ESP"]
[Source "lmi"]
[SourceDate "2014.03.23"]

1. d4 Nf6 2. c4 c5 3. d5 b5 4. cxb5 a6 5. Nc3 axb5 6. Nxb5 Bb7 7. Nc3 e6 8.
dxe6 fxe6 9. Nf3 d5 10. e3 Bd6 11. Bb5+ Nbd7 12. O-O O-O 13. Re1 Qc7 14. h3 Ne5
15. Ng5 Qe7 16. Be2 Ne4 17. Ngxe4 dxe4 18. Qc2 Rxf2 19. Kxf2 Qh4+ 20. Kf1 Rf8+
21. Bf3 exf3 22. e4 Ba6+ 0-1

[Event "8. Ciudad los Ángeles 2014"]
[Site "Madrid ESP"]
[Date "2014.03.30"]
[Round "2.12"]
[White "Pindado Campos, Raul"]
[Black "Huerto Moreno, Jorge"]
[Result "1/2-1/2"]
[WhiteElo "1901"]
[BlackElo "1534"]
[PlyCount "103"]
[EventDate "2014.03.23"]
[EventType "swiss"]
[EventRounds "9"]
[EventCountry "ESP"]
[Source "lmi"]
[SourceDate "2014.03.23"]

1. d4 d5 2. c4 e6 3. Nc3 Nf6 4. Nf3 c5 5. e3 Nc6 6. cxd5 exd5 7. Be2 cxd4 8.
Nxd4 Bc5 9. O-O O-O 10. a3 a5 11. Nxc6 bxc6 12. Qc2 Bd6 13. Qa4 Bd7 14. Bf3 c5
15. Qd1 Bc6 16. g3 Be5 17. Rb1 Rb8 18. Bd2 Qc7 19. b3 Rfd8 20. a4 d4 21. Nb5
Bxb5 22. axb5 dxe3 23. fxe3 Bc3 24. Rf2 Rxb5 25. Kg2 c4 26. Qc2 Bxd2 27. Rxd2
Rxd2+ 28. Qxd2 cxb3 29. Rc1 Qd7 30. Qc3 Rb8 31. Qb2 a4 32. Bc6 Qa7 33. Ra1 Qxe3
34. Rxa4 Rc8 35. Rc4 Rxc6 36. Rxc6 Qe4+ 37. Kg1 Qxc6 38. Qxb3 h6 39. Qb8+ Qe8
40. Qb7 Qe1+ 41. Kg2 Qe4+ 42. Qxe4 Nxe4 43. Kf3 f5 44. Kf4 g6 45. g4 Nd6 46.
Ke5 Nf7+ 47. Kf6 fxg4 48. Kxg6 Ne5+ 49. Kxh6 Kf7 50. Kg5 Ke6 51. Kf4 Kf6 52. h3
1/2-1/2

[Event "8. Ciudad los Ángeles 2014"]
[Site "Madrid ESP"]
[Date "2014.03.30"]
[Round "2.13"]
[White "Lopez-Andujar Ocana, Ramon"]
[Black "Crespo Villalba, Israel"]
[Result "0-1"]
[WhiteElo "1652"]
[BlackElo "1895"]
[PlyCount "64"]
[EventDate "2014.03.23"]
[EventType "swiss"]
[EventRounds "9"]
[EventCountry "ESP"]
[Source "lmi"]
[SourceDate "2014.03.23"]

1. e4 g6 2. d4 Bg7 3. Nf3 d6 4. c4 Nf6 5. Nc3 O-O 6. Be2 c6 7. O-O Nbd7 8. Qc2
e5 9. b3 exd4 10. Nxd4 Nc5 11. Be3 Re8 12. Bf3 Qe7 13. Bg5 Qe5 14. Bxf6 Qxf6
15. Rad1 Ne6 16. Nxe6 Bxe6 17. Rd3 Qe5 18. Rfd1 f5 19. Qe2 fxe4 20. Bxe4 d5 21.
cxd5 cxd5 22. Nxd5 Bf5 23. f3 Bxe4 24. fxe4 Qxe4 25. Qxe4 Rxe4 26. Nc7 Rf8 27.
R3d2 Bh6 28. Rc2 Be3+ 29. Kh1 Rc8 30. g3 Re5 31. Rc4 Bb6 32. Nd5 Rd8 0-1

[Event "8. Ciudad los Ángeles 2014"]
[Site "Madrid ESP"]
[Date "2014.03.30"]
[Round "2.14"]
[White "Vazquez Moreno, Luis"]
[Black "Fernandez Moreno, Gerardo"]
[Result "1/2-1/2"]
[WhiteElo "1737"]
[BlackElo "1782"]
[PlyCount "83"]
[EventDate "2014.03.23"]
[EventType "swiss"]
[EventRounds "9"]
[EventCountry "ESP"]
[Source "lmi"]
[SourceDate "2014.03.23"]

1. e4 c6 2. d4 d5 3. exd5 cxd5 4. c4 Nc6 5. Nf3 Bg4 6. Be2 e6 7. O-O Nf6 8. Bg5
Be7 9. Nc3 dxc4 10. Qa4 O-O 11. Rad1 h6 12. Bh4 Nd5 13. Bxe7 Ncxe7 14. Qxc4
Nxc3 15. Qxc3 Nd5 16. Qb3 Nf4 17. Bc4 Rc8 18. h3 Bxf3 19. Qxf3 Nxh3+ 20. Qxh3
Rxc4 21. Qb3 Qc7 22. d5 exd5 23. Rxd5 Rc8 24. Rfd1 Rc1 25. Rxc1 Qxc1+ 26. Rd1
Qc2 27. Rd8+ Kh7 28. Rxc8 Qxc8 29. Qxf7 Qc1+ 30. Kh2 Qxb2 31. Qf5+ Kg8 32. Qd5+
Kh7 33. Qf5+ g6 34. Qd7+ Qg7 35. Qa4 Qc7+ 36. g3 a6 37. Qa3 g5 38. Qd3+ Kg7 39.
Qd4+ Kg6 40. Qe4+ Kf6 41. Qf3+ Kg6 42. Qe4+ 1/2-1/2

[Event "8. Ciudad los Ángeles 2014"]
[Site "Madrid ESP"]
[Date "2014.03.30"]
[Round "2.15"]
[White "Garcia Chica, Eva Maria"]
[Black "Gines Sanchez, Javier"]
[Result "1/2-1/2"]
[WhiteElo "1476"]
[BlackElo "1613"]
[PlyCount "44"]
[EventDate "2014.03.23"]
[EventType "swiss"]
[EventRounds "9"]
[EventCountry "ESP"]
[Source "lmi"]
[SourceDate "2014.03.23"]

1. d4 e6 2. g3 Nf6 3. Bg2 d5 4. Nf3 c5 5. e3 Nc6 6. O-O Be7 7. Nbd2 b5 8. a4 b4
9. c4 Ba6 10. b3 dxc4 11. Ne5 Nxe5 12. Bxa8 Qxa8 13. dxe5 c3 14. exf6 Bxf1 15.
Nxf1 Bxf6 16. Qd3 O-O 17. e4 Rd8 18. Qc4 Rd1 19. Qxc5 Bd4 20. Qc4 Bf6 21. Kg2
Rd4 22. Qe2 Qc6 1/2-1/2

[Event "8. Ciudad los Ángeles 2014"]
[Site "Madrid ESP"]
[Date "2014.03.30"]
[Round "2.19"]
[White "Pena Marina, Jose Maria"]
[Black "Vazquez Cabeza, Isaac"]
[Result "0-1"]
[WhiteElo "1848"]
[BlackElo "1538"]
[PlyCount "62"]
[EventDate "2014.03.23"]
[EventType "swiss"]
[EventRounds "9"]
[EventCountry "ESP"]
[Source "lmi"]
[SourceDate "2014.03.23"]

1. c4 Nf6 2. Nc3 g6 3. Nf3 d6 4. g3 Bg7 5. Bg2 c5 6. O-O Nc6 7. d4 cxd4 8. Nxd4
Bd7 9. e4 Qc8 10. f3 Nxe4 11. Nce2 Nf6 12. Be3 O-O 13. Rc1 a6 14. Qd2 Re8 15.
b4 Nxd4 16. Nxd4 Rb8 17. Rfe1 Bh3 18. Rc2 Bxg2 19. Kxg2 Qd7 20. Nb3 e6 21. Rd1
d5 22. Nc5 Qd8 23. Qf2 h6 24. Ne4 Kh7 25. Nxf6+ Bxf6 26. cxd5 exd5 27. Qd2 Re6
28. Bf4 Be5 29. Bxe5 Rxe5 30. Rc5 Qe7 31. Rxd5 Re2+ 0-1

[Event "8. Ciudad los Ángeles 2014"]
[Site "Madrid ESP"]
[Date "2014.03.30"]
[Round "2.20"]
[White "Garces Adan, Jose A"]
[Black "Jimenez Manzano, Emiliano"]
[Result "1-0"]
[WhiteElo "1777"]
[BlackElo "1481"]
[PlyCount "79"]
[EventDate "2014.03.23"]
[EventType "swiss"]
[EventRounds "9"]
[EventCountry "ESP"]
[Source "lmi"]
[SourceDate "2014.03.23"]

1. e4 d5 2. exd5 Qxd5 3. Nc3 Qa5 4. d4 c6 5. Bd2 Qc7 6. Bc4 e6 7. Nf3 Bd6 8.
O-O Bf4 9. Re1 Bxd2 10. Qxd2 Nf6 11. Ne5 O-O 12. Bd3 Nbd7 13. Qg5 h6 14. Qg3
Nxe5 15. dxe5 Ne8 16. Rad1 Qe7 17. Re4 f5 18. exf6 Rxf6 19. Re5 Nd6 20. Qh4 Qf7
21. Be4 Qf8 22. Qg3 Nxe4 23. Nxe4 Rf7 24. Rh5 e5 25. Rxe5 Re7 26. Rxe7 Qxe7 27.
Qg6 Bd7 28. Rxd7 Rd8 29. Rxd8+ Qxd8 30. Qe6+ Kh7 31. Nd6 Qb6 32. Qe4+ Kg8 33.
Qc4+ Kh7 34. Qb3 Qa5 35. g3 Qe1+ 36. Kg2 Qe5 37. Qd3+ Kg8 38. Nf5 Qxb2 39. Qb3+
Qxb3 40. cxb3 1-0

[Event "8. Ciudad los Ángeles 2014"]
[Site "Madrid ESP"]
[Date "2014.03.30"]
[Round "2.21"]
[White "Palomares Monreal, Francisco J"]
[Black "Martin Rodriguez, Jose Luis"]
[Result "0-1"]
[WhiteElo "1651"]
[BlackElo "1407"]
[PlyCount "122"]
[EventDate "2014.03.23"]
[EventType "swiss"]
[EventRounds "9"]
[EventCountry "ESP"]
[Source "lmi"]
[SourceDate "2014.03.23"]

1. e4 e6 2. d4 d5 3. Nc3 Nf6 4. e5 Nfd7 5. f4 c5 6. Be3 Nc6 7. Nf3 Qb6 8. Rb1
cxd4 9. Nxd4 Nxd4 10. Bxd4 Bc5 11. Nb5 Bxd4 12. Nxd4 Nc5 13. Be2 Ne4 14. Qd3
Bd7 15. c4 Qb4+ 16. Kf1 Nd2+ 17. Kf2 Nxb1 18. Rxb1 dxc4 19. Qxc4 Qxc4 20. Bxc4
Rc8 21. Bd3 Ke7 22. Rd1 Rc7 23. Ne2 Rhc8 24. Nc3 g6 25. Ne4 Rc1 26. Rd2 Be8 27.
Nd6 R8c7 28. Ne4 a6 29. Nf6 Bb5 30. Bxb5 axb5 31. Ng8+ Kf8 32. Nf6 R1c2 33. Ke3
Rxd2 34. Kxd2 Rc4 35. g3 h5 36. Nh7+ Ke7 37. Ng5 Rd4+ 38. Kc2 Rd5 39. h4 Rc5+
40. Kd2 Rc7 41. Ne4 Rd7+ 42. Ke2 b6 43. Nd6 Rc7 44. Kd2 Rc5 45. Ne4 Rc4 46. Nd6
Rc5 47. Ne4 Rd5+ 48. Ke2 Kd8 49. Nf6 Rd4 50. Nh7 Kc7 51. Ng5 Rd7 52. Ne4 Kc6
53. Nd6 Kc5 54. a3 b4 55. Kd3 bxa3 56. bxa3 Ra7 57. Ne4+ Kc6 58. Nd6 Rxa3+ 59.
Kc4 Rxg3 60. Nxf7 Rg4 61. Nd8+ Kd7 0-1

[Event "8. Ciudad los Ángeles 2014"]
[Site "Madrid ESP"]
[Date "2014.03.30"]
[Round "2.22"]
[White "Pablos Ceruelo, Oscar"]
[Black "Sotres Menendez, Raul"]
[Result "0-1"]
[WhiteElo "1342"]
[BlackElo "1629"]
[PlyCount "72"]
[EventDate "2014.03.23"]
[EventType "swiss"]
[EventRounds "9"]
[EventCountry "ESP"]
[Source "lmi"]
[SourceDate "2014.03.23"]

1. e4 c5 2. Bc4 d6 3. d3 Nc6 4. f4 Nf6 5. Nf3 e6 6. e5 dxe5 7. fxe5 Nd5 8. Bb5
Qa5+ 9. Nc3 Nxc3 10. Bxc6+ bxc6 11. bxc3 Rb8 12. O-O Be7 13. Ng5 O-O 14. Qh5
Bxg5 15. Bxg5 Rb7 16. Qg4 Qxc3 17. Bf6 Qd4+ 18. Qxd4 cxd4 19. Bg5 Bd7 20. Rf4
c5 21. Raf1 Bc6 22. Rg4 Rfb8 23. Bh6 g6 24. Rgf4 Be8 25. h4 Rb1 26. Rg4 Rxf1+
27. Kxf1 Rb1+ 28. Kf2 Rb2 29. h5 Rxc2+ 30. Kg3 Bc6 31. Kh3 Rf2 32. hxg6 hxg6
33. Rg3 Rf5 34. Rg5 Bb5 35. g4 Rxg5 36. Bxg5 Bxd3 0-1

[Event "8. Ciudad los Ángeles 2014"]
[Site "Madrid ESP"]
[Date "2014.04.06"]
[Round "3.1"]
[White "Tirado Parra, Alberto"]
[Black "Cabanas Bravo, Juan Andres"]
[Result "0-1"]
[WhiteElo "1939"]
[BlackElo "2057"]
[PlyCount "46"]
[EventDate "2014.03.23"]
[EventType "swiss"]
[EventRounds "9"]
[EventCountry "ESP"]
[Source "lmi"]
[SourceDate "2014.03.23"]

1. d4 Nf6 2. c4 g6 3. Nc3 d5 4. cxd5 Nxd5 5. e4 Nxc3 6. bxc3 c5 7. Bb5+ Bd7 8.
Rb1 Bg7 9. Be3 O-O 10. Nf3 cxd4 11. cxd4 Bg4 12. O-O Bxf3 13. Qxf3 a6 14. Ba4
b5 15. e5 Nd7 16. Bb3 e6 17. Rbc1 a5 18. Rc6 a4 19. Bc2 Qa5 20. Rd6 Nb6 21. Be4
Rac8 22. Bb7 Rc7 23. Rc1 Rxc1+ 0-1

[Event "8. Ciudad los Ángeles 2014"]
[Site "Madrid ESP"]
[Date "2014.04.06"]
[Round "3.2"]
[White "Ruiz Sanchez, Roberto"]
[Black "Avendano Mateos, Jose"]
[Result "0-1"]
[WhiteElo "1935"]
[BlackElo "2042"]
[PlyCount "88"]
[EventDate "2014.03.23"]
[EventType "swiss"]
[EventRounds "9"]
[EventCountry "ESP"]
[Source "lmi"]
[SourceDate "2014.03.23"]

1. e4 c6 2. d4 d5 3. Nc3 dxe4 4. Nxe4 Nd7 5. Ng5 Ngf6 6. Bd3 e6 7. N1f3 Bd6 8.
Qe2 Qe7 9. Ne5 O-O 10. Bd2 c5 11. c3 cxd4 12. cxd4 Bb4 13. Rd1 Bxd2+ 14. Rxd2
h6 15. Ne4 Nxe4 16. Bxe4 Nf6 17. Bb1 Bd7 18. O-O a6 19. Rc1 Bb5 20. Qf3 Rac8
21. Rdc2 Rxc2 22. Rxc2 Rd8 23. Rd2 Rc8 24. Rd1 Bc6 25. Qe2 Bd5 26. f3 Nd7 27.
Qd3 f5 28. Nxd7 Qxd7 29. Kh1 Bc4 30. Qa3 Be2 31. Re1 Qxd4 32. Qb3 Bc4 33. Qxb7
Rd8 34. Qb4 Qf2 35. Rg1 Bd5 36. Qc3 Rd6 37. h3 Rc6 38. Qe1 Qxb2 39. Qd1 Qe5 40.
Re1 Qf4 41. a3 Rc3 42. a4 Rxf3 43. Kg1 Rg3 44. Re2 Qg5 0-1

[Event "8. Ciudad los Ángeles 2014"]
[Site "Madrid ESP"]
[Date "2014.04.06"]
[Round "3.3"]
[White "Gil Sierra, Jacinto"]
[Black "Canseco Arenas, Alfonso"]
[Result "1-0"]
[WhiteElo "2037"]
[BlackElo "1737"]
[PlyCount "63"]
[EventDate "2014.03.23"]
[EventType "swiss"]
[EventRounds "9"]
[EventCountry "ESP"]
[Source "lmi"]
[SourceDate "2014.03.23"]

1. e4 d6 2. d4 Nf6 3. Bd3 c6 4. Nf3 Bg4 5. h3 Bh5 6. O-O e6 7. Re1 d5 8. exd5
cxd5 9. c4 Nc6 10. cxd5 Nxd5 11. Be4 Bb4 12. Bd2 Be7 13. Nc3 O-O 14. Be3 Rc8
15. Nxd5 exd5 16. Bf5 Rc7 17. Bf4 Bd6 18. Be5 Re7 19. g4 Bg6 20. Bxg6 fxg6 21.
Re3 Ref7 22. Qb3 Bxe5 23. dxe5 Na5 24. Qd3 Nc4 25. e6 Re7 26. Re2 Rf6 27. Rd1
Rfxe6 28. Rxe6 Nxb2 29. Qe2 Nxd1 30. Rxe7 Kf8 31. Rxb7 Nc3 32. Qe5 1-0

[Event "8. Ciudad los Ángeles 2014"]
[Site "Madrid ESP"]
[Date "2014.04.06"]
[Round "3.4"]
[White "Marcos Herrero, Francisco"]
[Black "Brull Cortes, Boris"]
[Result "0-1"]
[WhiteElo "1930"]
[BlackElo "2025"]
[PlyCount "64"]
[EventDate "2014.03.23"]
[EventType "swiss"]
[EventRounds "9"]
[EventCountry "ESP"]
[Source "lmi"]
[SourceDate "2014.03.23"]

1. d4 Nf6 2. Nf3 g6 3. Bf4 d6 4. e3 Bg7 5. Be2 c5 6. c3 Qb6 7. Qb3 Qxb3 8. axb3
O-O 9. dxc5 dxc5 10. Bxb8 Rxb8 11. Rxa7 Bf5 12. O-O Rfd8 13. Na3 Ne4 14. Rd1
Rxd1+ 15. Bxd1 Rd8 16. Bc2 b5 17. Kf1 b4 18. cxb4 cxb4 19. Nc4 Ng3+ 20. hxg3
Bxc2 21. Rxe7 Bxb3 22. Nfd2 Bc2 23. Rb7 Bd3+ 24. Ke1 Ra8 25. f4 Ra1+ 26. Kf2
Ra4 27. Rb8+ Bf8 28. Ne5 Bf5 29. g4 Be6 30. g5 Kg7 31. Nec4 b3 32. Nb6 Rb4 0-1

[Event "8. Ciudad los Ángeles 2014"]
[Site "Madrid ESP"]
[Date "2014.04.06"]
[Round "3.5"]
[White "Lobato Rivero, Carlos"]
[Black "Martinez De Navascues, Francisco"]
[Result "1/2-1/2"]
[WhiteElo "1999"]
[BlackElo "1672"]
[PlyCount "44"]
[EventDate "2014.03.23"]
[EventType "swiss"]
[EventRounds "9"]
[EventCountry "ESP"]
[Source "lmi"]
[SourceDate "2014.03.23"]

1. e4 d5 2. exd5 Qxd5 3. Nc3 Qd6 4. d4 Nf6 5. g3 a6 6. Bg2 Nc6 7. Nge2 e5 8. d5
Ne7 9. Bg5 Bf5 10. f4 e4 11. Bxf6 Qxf6 12. Qd4 Qxd4 13. Nxd4 Bg6 14. Nxe4 Nxd5
15. Nc3 Nxc3 16. Bxb7 Rb8 17. Bc6+ Kd8 18. bxc3 Bc5 19. Rd1 Ke7 20. Ba4 Bxd4
21. Rxd4 Rb2 22. Kd2 Rxa2 1/2-1/2

[Event "8. Ciudad los Ángeles 2014"]
[Site "Madrid ESP"]
[Date "2014.04.06"]
[Round "3.6"]
[White "Crespo Villalba, Israel"]
[Black "Rodriguez Dorado, Victor"]
[Result "0-1"]
[WhiteElo "1895"]
[BlackElo "1989"]
[PlyCount "36"]
[EventDate "2014.03.23"]
[EventType "swiss"]
[EventRounds "9"]
[EventCountry "ESP"]
[Source "lmi"]
[SourceDate "2014.03.23"]

1. e4 c5 2. Nf3 d6 3. d4 cxd4 4. Nxd4 Nf6 5. Nc3 g6 6. Be2 Bg7 7. O-O O-O 8.
Be3 Nc6 9. Nb3 Be6 10. f4 Rc8 11. Bf3 Bc4 12. Rf2 Qc7 13. Rd2 b5 14. e5 dxe5
15. Bxc6 exf4 16. Bxf4 Qxf4 17. Bxb5 Ng4 18. Bxc4 Qxh2+ 0-1

[Event "8. Ciudad los Ángeles 2014"]
[Site "Madrid ESP"]
[Date "2014.04.06"]
[Round "3.10"]
[White "Lopez Ziegler, Carlos"]
[Black "Lopez-Andujar Ocana, Ramon"]
[Result "1/2-1/2"]
[WhiteElo "1944"]
[BlackElo "1652"]
[PlyCount "66"]
[EventDate "2014.03.23"]
[EventType "swiss"]
[EventRounds "9"]
[EventCountry "ESP"]
[Source "lmi"]
[SourceDate "2014.03.23"]

1. e4 c5 2. Nc3 d6 3. f4 Nc6 4. Bb5 a6 5. Bxc6+ bxc6 6. Nf3 Bg4 7. O-O g6 8. h3
Bxf3 9. Qxf3 Bg7 10. e5 Qd7 11. f5 Bxe5 12. fxg6 fxg6 13. Qf7+ Kd8 14. Ne4 Nh6
15. Qb3 Nf5 16. d3 Nd4 17. Qa4 Kc7 18. Bd2 Kb7 19. Rae1 Raf8 20. c3 Ne6 21. Ng5
Nxg5 22. Bxg5 Rxf1+ 23. Rxf1 Qe6 24. d4 cxd4 25. cxd4 Bf6 26. Bxf6 exf6 27.
Qb4+ Ka7 28. Re1 Qd7 29. d5 c5 30. Qe4 Rf8 31. b3 Rf7 32. Kh2 Kb7 33. Re2 Kc7
1/2-1/2

[Event "8. Ciudad los Ángeles 2014"]
[Site "Madrid ESP"]
[Date "2014.04.06"]
[Round "3.11"]
[White "Largo Barbero, Benito"]
[Black "Sotres Menendez, Raul"]
[Result "1-0"]
[WhiteElo "1938"]
[BlackElo "1629"]
[PlyCount "41"]
[EventDate "2014.03.23"]
[EventType "swiss"]
[EventRounds "9"]
[EventCountry "ESP"]
[Source "lmi"]
[SourceDate "2014.03.23"]

1. e4 c5 2. Nc3 d6 3. g3 Nf6 4. Bg2 Nc6 5. d3 e6 6. Be3 a6 7. f4 Qc7 8. g4 b5
9. g5 Nd7 10. Nf3 b4 11. Ne2 Bb7 12. O-O g6 13. f5 Nde5 14. fxe6 fxe6 15. Nf4
Qe7 16. Bh3 Nxf3+ 17. Qxf3 e5 18. Nd5 Qg7 19. c3 Be7 20. Nc7+ Kd8 21. Ne6+ 1-0

[Event "8. Ciudad los Ángeles 2014"]
[Site "Madrid ESP"]
[Date "2014.04.06"]
[Round "3.12"]
[White "Ramos Antona, Enrique"]
[Black "Garces Adan, Jose A"]
[Result "0-1"]
[WhiteElo "1629"]
[BlackElo "1777"]
[PlyCount "50"]
[EventDate "2014.03.23"]
[EventType "swiss"]
[EventRounds "9"]
[EventCountry "ESP"]
[Source "lmi"]
[SourceDate "2014.03.23"]

1. d4 d5 2. c4 Nf6 3. Nf3 e6 4. g3 Nc6 5. cxd5 exd5 6. Bg2 Be7 7. O-O O-O 8.
Nc3 Ne4 9. e3 Bg4 10. Qb3 Nxc3 11. bxc3 Na5 12. Qc2 c6 13. Nd2 f5 14. Re1 Qc7
15. a3 Rae8 16. c4 Bg5 17. cxd5 f4 18. Nf3 fxg3 19. hxg3 Bxf3 20. Bxf3 Rxf3 21.
Bd2 Ref8 22. Rf1 R8f6 23. Bb4 Rxg3+ 24. fxg3 Qxg3+ 25. Qg2 Bxe3+ 0-1

[Event "8. Ciudad los Ángeles 2014"]
[Site "Madrid ESP"]
[Date "2014.04.06"]
[Round "3.13"]
[White "Melcon Diez, Enrique"]
[Black "Fernandez Bonilla, M. Arcangel"]
[Result "0-1"]
[WhiteElo "1606"]
[BlackElo "1758"]
[PlyCount "54"]
[EventDate "2014.03.23"]
[EventType "swiss"]
[EventRounds "9"]
[EventCountry "ESP"]
[Source "lmi"]
[SourceDate "2014.03.23"]

1. c4 Nf6 2. Nc3 g6 3. e4 d6 4. d4 Bg7 5. f4 O-O 6. Nf3 c5 7. d5 b5 8. cxb5 a6
9. a4 axb5 10. Bxb5 Ba6 11. Bd2 Qb6 12. Qe2 e6 13. O-O exd5 14. exd5 Re8 15.
Qc4 Nbd7 16. Rfe1 Bxb5 17. axb5 Qb7 18. Rxa8 Qxa8 19. Rxe8+ Qxe8 20. Qa4 Nb6
21. Qa6 Nc4 22. Bc1 Ng4 23. b6 Bd4+ 24. Kf1 Nce3+ 25. Bxe3 Qxe3 26. Qe2 Nxh2+
27. Nxh2 Qg1# 0-1

[Event "8. Ciudad los Ángeles 2014"]
[Site "Madrid ESP"]
[Date "2014.04.06"]
[Round "3.14"]
[White "Pindado Del Carmen, Eliseo"]
[Black "Enfedaque Jimenez, Juan Carlos"]
[Result "1/2-1/2"]
[WhiteElo "1604"]
[BlackElo "1745"]
[PlyCount "64"]
[EventDate "2014.03.23"]
[EventType "swiss"]
[EventRounds "9"]
[EventCountry "ESP"]
[Source "lmi"]
[SourceDate "2014.03.23"]

1. d4 d5 2. Nf3 Nf6 3. Bf4 c5 4. e3 Nc6 5. c3 cxd4 6. exd4 Qb6 7. Qb3 Qxb3 8.
axb3 h6 9. h3 g5 10. Bh2 Bg7 11. Nbd2 O-O 12. Ne5 Nxe5 13. Bxe5 Bf5 14. Be2 a6
15. g4 Bg6 16. f4 gxf4 17. Bxf4 Ne4 18. Bf3 Rfe8 19. Nxe4 dxe4 20. Bg2 Kh7 21.
Ke2 e5 22. dxe5 Bxe5 23. Be3 Rad8 24. Rad1 Rd3 25. Rxd3 exd3+ 26. Kd2 Bf4 27.
Re1 Bg3 28. Rf1 Re7 29. Bd5 Bh4 30. b4 Bg5 31. Re1 Bh4 32. Rf1 Bg5 1/2-1/2